000 00424nam a2200157 4500
001 143210
003 ES-MaACL
005 20230906200743.0
007 t|
008 070214s1969 sp r ||||1| spa d
100 1 _aSerrano, Vicente.
_9105723
245 1 3 _aLa noche de Nicodemo /
_cVicente Serrano.
260 _aMadrid :
_bStudium,
_c1969 (
_fHalar)
300 _a93 p. ;
_c18 cm.
852 _aES-MaACL
_jC-50830
_bR.72060
999 _c143210
_d143210